| 000 | 00662nam a2200217 a 4500 | ||
|---|---|---|---|
| 001 | 65178 | ||
| 003 | BD-RjUL | ||
| 005 | 20211209081408.0 | ||
| 008 | 170305s1929 nyu 000 1 eng | ||
| 035 | _a(BD-RjUL)65308 | ||
| 040 |
_aDLC _cCoU-CS _dBD-RjUL _beng |
||
| 041 | _aeng | ||
| 082 |
_223 _a823.3 _bCLL 1929 |
||
| 100 | 1 |
_aClarke, Donald Henderson, _d1887-1958. _9193410 |
|
| 245 | 1 | 0 |
_aLouis Beretti : _ba novel / _cby Donald Henderson Clarke. |
| 260 |
_aNew York : _bThe Vanguard Press, _cc1929 |
||
| 300 |
_a285 p. ; _c20 cm. |
||
| 650 |
_2 _aProhibition _vFiction _zNew York _9193411 |
||
| 650 |
_aItalian Americans _vFiction _9193412 |
||
| 942 |
_2ddc _cBK |
||
| 999 |
_c65178 _d65178 |
||